[Event "RUS Cup final"]
[Site "Magnitogorsk"]
[Date "2011.11.15"]
[Round "2.1"]
[White "Kovalenko, Igor"]
[Black "Maletin, Pavel"]
[Result "1-0"]
[WhiteElo "2584"]
[BlackElo "2568"]
[Annotator "RR"]
[PlyCount "85"]
[EventDate "2011.11.13"]
[EventType "k.o."]
[EventRounds "4"]
[EventCountry "RUS"]
[SourceTitle "CBM 146"]
[Source "ChessBase"]
[SourceDate "2012.01.18"]
[SourceVersion "1"]
[SourceVersionDate "2012.01.18"]
[SourceQuality "1"]

1. d4 Nf6 2. c4 e6 3. Nf3 Bb4+ 4. Nbd2 O-O 5. a3 Be7 6. e4 d5 7. Bd3 c5 8. dxc5
dxe4 9. Nxe4 Nxe4 10. Bxe4 Qxd1+ 11. Kxd1 f5 12. Bc2 Bf6 13. Rb1 Rd8+ 14. Ke1
e5 15. Bg5 Bxg5 16. Nxg5 h6 17. Nf3 e4 18. Ne5 Re8 19. Ng6 Be6 20. Ba4 Bd7 21.
Bd1 Be6 22. Ba4 Bd7 23. Bd1 Be6 24. Be2 Nd7 25. b4 Bf7 26. Nf4 Ne5 27. Nd5 Nd3+
28. Bxd3 exd3+ 29. Kd2 Re2+ 30. Kxd3 Rxf2 31. Rbe1 Rxg2 32. Re7 b5 33. Rd7
bxc4+ 34. Kc3 Ra2 35. c6 Rxa3+ 36. Kxc4 Bxd5+ $6 (36... Rc8 37. c7 Be6 $16) 37.
Kxd5 $18 Rd3+ 38. Kc4 Re3 39. c7 Ree8 40. Rg1 g5 41. Rgd1 Rac8 42. Kc5 f4 43.
Kc6 1-0

[Event "Eger Agria op"]
[Site "Eger"]
[Date "1988.07.06"]
[Round "8"]
[White "Szabolcsi, Janos"]
[Black "Rashkovsky, Nukhim N"]
[Result "0-1"]
[WhiteElo "2415"]
[BlackElo "2490"]
[Annotator "Rashkovsky,N"]
[PlyCount "50"]
[EventDate "1988.06.29"]
[EventType "swiss"]
[EventRounds "11"]
[EventCountry "HUN"]
[SourceTitle "EXT 2018"]
[Source "ChessBase"]
[SourceDate "2017.10.13"]
[SourceVersion "1"]
[SourceVersionDate "2017.10.13"]
[SourceQuality "1"]

1. d4 Nf6 2. c4 e6 3. Nf3 Bb4+ 4. Bd2 a5 5. g3 b6 6. Bg2 Ba6 {Zum ersten Mal
wurde dieser Zug in der Partie Raschkowski-Romanischin, Odessa 1974, gespielt.
Damals folgte 7. b3, und Schwarz kam zum Ausgleich.} 7. Qc2 O-O 8. O-O d5 {
Dieser Zug hatte Premiere in Balaschow-Raschkowski, Moskau 1982.} 9. Ne5 c6 {
Schwarz hat gleiches Spiel erreicht. Es ist nicht einfach, für Weiß eine
günstige Fortsetzung zu finden.} 10. cxd5 ({Oder} 10. Bxb4 axb4 11. Nd2 dxc4
$1) 10... cxd5 11. Bxb4 $6 ({Besser sind} 11. Bg5) ({oder} 11. Bf4 {mit
folgendem 12. Nc3 oder 12. Rc1 und weiterem Aufbau Nc3, a4, Nb5.}) 11... axb4
12. a3 $2 Qd6 13. Qd2 (13. axb4 $2 {scheitert an} Bd3 $1) 13... Bb5 14. Rc1 Nc6
{Der weitere Plan des Schwarzen ist sehr einfach: Ra7 nebst Rfa8.} 15. Qe3 $2 {
Dies nannte Raschkowski den entscheidenden Fehler, obwohl die Analyse zeigte,
daß auch andere Züge zu klarem schwarzen Vorteil führen.} (15. Nxc6 Bxc6 16.
Qf4 Qxf4 ({nicht} 16... Qd7 17. Qd2 Qd6) 17. gxf4 Bb5 18. e3 {und nun dürfte}
Rfc8 $1 {der genaueste Zug sein, mit der Folge} ({während nach} 18... Ra7 {
sich Weiß noch lange wehren kann:} 19. Nd2 Rfa8 20. Bf1 $1 Bxf1 21. Kxf1 h6)
19. Nd2 Rxc1+ 20. Rxc1 bxa3 21. bxa3 Rxa3 22. Rc8+ Be8 23. Rb8 Ra2 $1 24. Nb3
Rb2 25. Nc5 Rb1+ 26. Bf1 Kf8 $1) 15... Ne7 $1 {Drohung Nf5} 16. g4 Ra7 17. h4
$2 {Die Idee dieses Zuges bleibt unklar.} Rfa8 18. Bh3 ({Raschkowski hatte} 18.
h5 {erwartet, worauf er} h6 {erwidern wollte.}) 18... Ne4 19. f3 $2 {[#]Hier
dachte Raschkowski länger als eine halbe Stunde nach.} ({Besser} 19. Bg2)
19... f6 ({Er untersuchte vor allem} 19... Ng3 $5 {und nun} 20. Nd3 $6 (20. Re1
$1 f6 21. Nd3 Ng6 $1 22. h5 (22. Kf2 Nxe2 23. Rxe2 Bxd3 24. Qxe6+ (24. Qxd3 $2
Nf4) 24... Qxe6 25. Rxe6 Nf4 26. Rxb6 Nxh3+ {und Schwarz gewinnt. Schließlich
entschied sich Raschkowski jedoch dafür, die Damen auf dem Brett zu lassen.})
22... Bxd3 23. hxg6 Bxg6 24. Kf2 ({oder} 24. Kg2 f5 $1) 24... f5 25. Qe5 $5
Qxe5 26. dxe5 fxg4 ({nicht} 26... f4 $2 {wegen} 27. e3) 27. Bxg4 Nf5 {und
Schwarz steht klar besser.}) 20... Ng6 21. h5 Nxe2+ 22. Qxe2 Bxd3 ({nicht} 
22... Nf4 $2 23. Nxf4 $1) 23. Qxd3 Qg3+ 24. Bg2 Qxg2+ 25. Kxg2 Nf4+ {und
Schwarz gewinnt}) 20. fxe4 fxe5 21. dxe5 $2 {Dies verliert schnell.} ({
Längeren Widerstand ermöglichte} 21. exd5 Nxd5 22. dxe5 Qf8 23. Qg3 (23. Qf2
Rf7 $1) 23... Qf4 24. Qxf4 Nxf4 25. Bf1 Bxe2 {und die weiße Stellung ist auch
nicht mehr zu halten. Schwarz droht neben Bxg4 auch Bxf1 nebst Nd3 und
Besetzung der f-Linie Rf7, Raf8.}) 21... Qxe5 22. Nd2 Ng6 23. h5 Nf4 24. Bf1
Qg5 25. Nf3 {Damit kürzt Weiß seine Leiden ab.} ({Auf} 25. Qf3 {folgt} Rf8) (
{auf} 25. Qg3 Nxh5 ({oder auch} 25... Bxe2)) 25... Nh3+ 0-1

[Event "Bundesliga 0607"]
[Site "Germany"]
[Date "2006.10.28"]
[Round "1.2"]
[White "Sargissian, Gabriel"]
[Black "Fedorchuk, Sergey A"]
[Result "1-0"]
[WhiteElo "2667"]
[BlackElo "2599"]
[Annotator "Reeh,O"]
[PlyCount "68"]
[EventDate "2006.10.28"]
[EventType "team-tourn"]
[EventRounds "15"]
[EventCountry "GER"]
[SourceTitle "CBM 116"]
[Source "ChessBase"]
[SourceDate "2007.02.01"]
[SourceVersion "1"]
[SourceVersionDate "2007.02.01"]
[SourceQuality "1"]
[WhiteTeam "Kreuzberg"]
[BlackTeam "Remagen"]
[WhiteTeamCountry "GER"]
[BlackTeamCountry "GER"]

1. d4 Nf6 2. c4 e6 3. Nf3 Bb4+ 4. Nbd2 O-O 5. a3 Be7 6. e4 d5 7. e5 Nfd7 8. b4
a5 9. b5 c5 10. Bb2 cxd4 11. Be2 Nc5 12. Nxd4 (12. Bxd4 {would have saved
White half a tempo. hätte ein halbes Tempo gespart.}) 12... Nbd7 {Since now
the pawn e5 is hanging. Denn nun hängt der Bauer e5.} 13. N4f3 b6 14. cxd5 exd5
{In return for his isolated d-pawn, Black has free piece play and a strong
knight on c5. Schwarz hat einen isolierten d-Bauern, dafür aber freies
Figurenspiel und vor allem einen starken Springer auf c5.} 15. Nf1 Bb7 16. Ne3
f6 ({Interesting was Interessant war} 16... a4 {for example , z.B.} 17. Nxd5
Bxd5 18. Qxd5 {[%tqu "En","White has just won a pawn on d5. What was Black's
idea now?","Black can exploit the unprotected position of the white queen to
win back the pawn.","","d7e5","Winning back the pawn with equal play.",10,"De",
"Weiß hat gerade auf d5 einen Bauern erobert. Welche Idee hatte Schwarz
dabei?","Schwarz kann die ungedeckte Stellung der weißen Dame zum Rückgewinn
des Bauern ausnutzen.","","d7e5","Gewinnt den Bauern mit gleichem Spiel zurück.
",10]} Nxe5 $1 19. Qxd8 (19. Qxe5 $2 Bf6 $17) 19... Nxf3+ 20. Bxf3 Raxd8 $11)
17. exf6 ({With Mit} 17. Nxd5 {White could have maintained a small plus. hätte
Weiß ein kleines Plus behaupten können.}) 17... Bxf6 18. Bxf6 Nxf6 {Black has
comfortably equalized. Schwarz hat bequem ausgeglichen.} 19. O-O Qd7 {Maybe
not the best square for the queen. Vielleicht nicht das beste Feld für die
Dame.} (19... Nfe4 $1 20. Rc1 (20. Qc2 Qf6) 20... Qd6 {with good play. mit
gutem Spiel.}) 20. Nd4 Rae8 21. Bf3 Nfe4 22. Qc2 Rf6 $6 (22... Qf7) 23. Rad1
Ng5 24. Bg4 Qf7 25. Nc6 $1 {Starting a very favourable liquidation. Leitet
einen sehr günstigen Tausch ein.} Bxc6 26. bxc6 Rxc6 27. Rxd5 {Now White's
control of the light squares give him a clear edge. Nun hat der Anziehende
dank seiner Kontrolle der weißen Felder klaren Vorteil.} h6 $2 {Losing
material. Verliert Material.} ({However, also after e.g. Allerdings war
Schwarz auch nach z.B.} 27... Nge6 28. Rfd1 {Black's position would have been
very unpleasant. nicht zu beneiden.}) {[%tqu "En","How can White win material
here?","Which piece in Black's camp is not protected?","The black rook is not
protected. This, in return, means that the Nc5 is pinned. So which square
becomes available for White?","g4d7","Precisely!",10,"De","Wie kann Weiß hier
Material gewinnen?","Welche Figur im schwarzen Lager ist ungedeckt?","Der
schwarze Turm c6 ist ungedeckt, was den Sc5 fesselt. Welches Feld wird dadurch
zugänglich?","g4d7","Genau!",10]} 28. Bd7 $1 {Winning the exchange and the
game. Gewinnt eine Qualität und die Partie.} Nxd7 29. Qxc6 Ne5 30. Qb5 Nh3+ {
Desperation. Verzweiflung.} 31. gxh3 Nf3+ 32. Kh1 Nh4 33. Rf5 (33. Nf5 {
was good enough as well. war auch gut genug.}) 33... Nxf5 34. Qxf5 Qxf5 {
and Black resigned. und Schwarz gab gleichzeitig auf.} 1-0

[Event "GRE-ch"]
[Site "Athens"]
[Date "2004.12.09"]
[Round "6"]
[White "Skembris, Spyridon"]
[Black "Mastrovasilis, Athanasios"]
[Result "1-0"]
[WhiteElo "2446"]
[BlackElo "2502"]
[Annotator "Ribli,Z"]
[PlyCount "75"]
[EventDate "2004.12.04"]
[EventType "tourn"]
[EventRounds "9"]
[EventCountry "GRE"]
[EventCategory "10"]
[SourceTitle "CBM 105"]
[Source "ChessBase"]
[SourceDate "2005.04.11"]
[SourceVersion "1"]
[SourceVersionDate "2005.04.11"]
[SourceQuality "1"]

1. Nf3 Nf6 2. c4 e6 3. g3 d5 4. d4 Bb4+ {Dieses Läuferschach ist in der
letzten Zeit sehr populär geworden, da Schwarz beabsichtigt, die weiße
Entwicklung zu stören.} 5. Bd2 Be7 6. Bg2 O-O 7. Qc2 c6 {Schwarz spielt die
geschlossene Variante; seine Hauptstrategie besteht in der Entwicklung des
Damenflügels und der Möglichkeit, c6-c5 zu spielen.} 8. O-O b6 9. Bf4 {Jetzt
sehen wir den Vorteil des Zugs 4...Bb4+; der (in solchen Stellungen) übliche
Läuferzug nach b2 geht nicht, da der Läufer schon auf d2 steht.} Ba6 (9... Bb7)
10. Nbd2 Nbd7 11. Rfc1 {Ein selten gespielter Zug, die Alternative 11.Rfd1 ist
populärer.} (11. Rfd1 Nh5 (11... Rc8 12. Rac1 Nh5 13. Ne5 (13. e4 $6 Nxf4 14.
gxf4 Nf6 $5 {[%cal Gf6h5,Gh5f4]} (14... dxe4 15. Nxe4 Qc7 $11) 15. Ne5 Nh5 $1
16. Qa4 Bxc4 17. Nxc6 b5 18. Qa6 Rxc6 $1 19. Qxc6 Nxf4 {[%csl Gf4][%cal Gf4e2,
Ge2g1,Ge2c1]} 20. Nxc4 bxc4 $1 $44 {0-1 Radjabov,T-Topalov,V/Wijk aan Zee 2003/
CBM 93/[Ribli] (61)}) 13... Nxe5 (13... Nxf4 14. gxf4 Nxe5 15. dxe5 Bb4 16. b3
Qe7 17. Nf3 g6 18. e3 Rfd8 19. Nd4 {1-0 Novikov,M-Aseev,K/St Petersburg 003/
(34)}) 14. Bxe5 f6 15. Bf4 Bb4 {1/2-1/2 Drazic,S-Palac,M/Saint Vincent ITA
2003 (15)}) 12. Be3 (12. Ne5 $5) 12... Bd6 (12... Rc8 13. Ne5 Nhf6 14. Qa4 Nb8
15. Rac1 b5 16. cxb5 cxb5 17. Qb3 Qb6 {1/2-1/2 Filippov,V-Landa,K/Kazan 1995/
CBM 51 (43)}) 13. Qa4 Bb7 14. Ne1 Nhf6 15. Nd3 dxc4 16. Qxc4 Nd5 17. Nf1 Rc8 {
1/2-1/2 Kveinys,A-Tiviakov,S/St Vincent ITA 2004 (26)}) 11... c5 {Dieser Zug
ist typisch in dieser Variante, aber in dieser Stellung erscheint er mir ein
wenig zu früh. Die Alternative 11...Nh5 kommt eher in Betracht.} (11... Nh5 12.
Be5 Bb7 13. cxd5 Nxe5 14. Nxe5 cxd5 15. Qc7 Rb8 16. Qxd8 Rfxd8 17. Nc6 Bxc6 18.
Rxc6 {1/2-1/2 Kachiani ,K-Kiselev,S/Helsinki 1992/CBM 32 (67)}) 12. e4 $14 {
[%mdl 4]} Nh5 {Mit diesem Zug behält Schwarz das Läuferpaar, aber verliert
einen wichtigen Zentrumsbauern.} (12... dxe4 13. Nxe4 Nxe4 14. Qxe4 $14 {
[%csl Ra6]}) (12... dxc4 13. Nxc4 Rc8 14. Nd6 $14) 13. exd5 (13. Be3 $2 e5 14.
dxe5 (14. Nxe5 Nxe5 15. dxe5 d4 16. g4 dxe3 17. fxe3 Ng3 18. hxg3 Qc8 $17)
14... d4 15. Bf4 g5 $17 {[%csl Rf4]}) 13... Nxf4 14. gxf4 exd5 15. cxd5 Bd6 16.
Ne5 {[%csl Yc6,Ge5][%cal Ge5c6] Die weiße Bauernstruktur am Königsflügel ist
schwach, aber er hat einen Bauern mehr und sein Ne5 steht sehr stark.} f6 (
16... cxd4 17. Qa4 {[%cal Ra4d7,Ra4a6]} Nb8 (17... Bc8 18. Rxc8 (18. Qc6 $16)
18... Rxc8 19. Nxd7 $16) 18. Ne4 $16) 17. Nc6 {Der Nc6 steht ausgezeichnet und
paralysiert die schwarze Stellung.} Qc7 {[%cal Gc7h2]} 18. Ne4 Kh8 (18... Bxf4
19. Ne7+ Kh8 20. d6 Bxd6 (20... Qd8 21. dxc5 Bxc1 22. Rxc1 bxc5 (22... f5 23.
Ng5 Nxc5 24. Qd1 $1 $18 {[%cal Rd1h5]}) 23. Nxc5 Nxc5 24. Qxc5 $16) 21. Nxd6
Qxd6 22. Bxa8 Qxe7 23. Bg2 cxd4 24. Qa4 $16) 19. Nxd6 Qxd6 20. Qf5 $16 {
[%csl Gc6,Gf5][%mdl 2048] Weiß verfügt über sehr starkes Figurenspiel; seine
Dame und sein Springer stehen sehr aktiv.} Rae8 21. Re1 cxd4 (21... Bc4 $5) 22.
Re6 $1 Rxe6 (22... Qc7 23. Nxd4 $16 (23. d6 Qc8 24. Nxd4 $16)) 23. Qxe6 Qxe6
24. dxe6 Nc5 25. Nxd4 {[%csl Ge6,Gg2] Weiß besitzt einen Mehrbausern und sein
Freibauer e6 ist sehr stark. Darüber hinaus ist sein katalanischer Läufer
wertvoller, als sein Kollege auf a6.} Re8 26. f5 g6 27. b4 Nd3 28. Bc6 Re7 29.
b5 Bc8 30. Rd1 Nc5 31. Nb3 $18 {Gegen den drohenden Figurengewinn nach Rd8+
besitzt Schwarz keine Verteidigung.} Nxb3 32. axb3 (32. Rd8+ Kg7 33. axb3 $18)
32... Kg7 33. Rd8 Bxe6 34. fxe6 Rxe6 35. Rd7+ Kh6 36. Rxa7 f5 37. Rb7 Kg5 38.
Rxh7 1-0

[Event "American Continental 11th"]
[Site "Montevideo"]
[Date "2015.05.18"]
[Round "5"]
[White "Cori, Jorge Moise"]
[Black "Perez Ponsa, Federico"]
[Result "1-0"]
[WhiteElo "2549"]
[BlackElo "2533"]
[Annotator "Rodi,L"]
[PlyCount "95"]
[EventDate "2015.05.15"]
[EventType "swiss"]
[EventRounds "11"]
[EventCountry "URU"]
[SourceTitle "CBM 167"]
[Source "ChessBase"]
[SourceDate "2015.07.13"]
[SourceVersion "1"]
[SourceVersionDate "2015.07.13"]
[SourceQuality "1"]

1. d4 Nf6 2. c4 e6 3. Nf3 Bb4+ 4. Bd2 a5 5. g3 d6 6. Bg2 Nbd7 7. O-O e5 8. e3
c6 9. Bc1 $1 {A paradoxical move whose purpose is to make life hard on Black's
advanced bishop. Grandmaster Yuri Razuvaev was the first to employ it.} e4 10.
Ng5 d5 11. c5 a4 ({An important option was} 11... h6 {and for example} 12. Nh3
a4 13. a3 Ba5 14. Qxa4 Nf8 15. b4 Bxh3 16. Bxh3 Bc7 17. Qd1 h5 $44 {Razuvaev -
Lutz, Germany 1991 and others.}) 12. a3 Ba5 13. Qxa4 Nf8 $146 {An unfortunate
novelty.} (13... b5 14. Qc2 h6 15. Nxe4 $5 (15. Nh3 $14) 15... dxe4 16. Bxe4
$44 {Golubenko - Ordaz Valdes, Tromso ol 2014}) (13... h6 $5 14. Nh3 Nf8 {
might be a preferable version of Perez Ponsa's idea.}) 14. b4 h6 15. Nxf7 $1 {
The difference between the previously seen alternatives.} Kxf7 16. bxa5 $16 {
White's advantage is obvious. While Black will recover one of the two pawns
lost, the exposed king will always weigh against him.} N8h7 17. Nd2 Ng5 18. f3
Rxa5 19. Qb3 Rb5 20. Qc2 exf3 21. Nxf3 Nxf3+ 22. Bxf3 Ra5 23. Bd2 Ra8 24. Qb3
Rf8 25. e4 $1 $18 {Taking advantage of the pin on diagonal and f-file to gain
space in the center. Black is without counterplay, and only a player of his
calibre could resist for as long as he did.} Kg8 26. e5 Nh7 27. Be2 Qe7 28.
Rxf8+ Nxf8 29. Rf1 Bh3 30. Rf2 Bc8 31. Bd1 Be6 32. a4 Bf7 33. Bc2 Kh8 34. g4
Ne6 35. Qh3 Kg8 36. Qd3 Nf8 37. a5 Qh4 38. Qf3 Bg6 39. Bf5 Kh8 (39... Bxf5 40.
gxf5 Qxd4 41. Qg3 Kh8 42. e6 $18) 40. e6 ({Or} 40. Qg3 $5 Qxg3+ 41. hxg3 $18)
40... Re8 41. Qg3 Qf6 (41... Qxg3+ 42. hxg3 Bh7 {is suggested by Komodo 9.} 43.
Re2 g6 44. e7 gxf5 45. exf8=Q+ Rxf8 46. Bxh6 Ra8 47. g5) 42. g5 hxg5 43. Bxg5
Qxd4 44. Qh3+ Kg8 45. e7 Nh7 46. Bxg6 Nxg5 47. Qf5 Rxe7 48. Qf8# 1-0

[Event "Olympiad-32"]
[Site "Yerevan"]
[Date "1996.10.01"]
[Round "14.2"]
[White "Michelakis, George"]
[Black "Johansen, Darryl Keith"]
[Result "0-1"]
[WhiteElo "2410"]
[BlackElo "2500"]
[Annotator "Rogers,I"]
[PlyCount "66"]
[EventDate "1996.09.15"]
[EventType "team-swiss"]
[EventRounds "14"]
[EventCountry "ARM"]
[SourceTitle "CBM 055"]
[Source "ChessBase"]
[SourceDate "1996.12.01"]
[SourceVersion "1"]
[SourceVersionDate "1996.12.01"]
[SourceQuality "1"]
[WhiteTeam "South Africa"]
[BlackTeam "Australia"]
[WhiteTeamCountry "RSA"]
[BlackTeamCountry "AUS"]

1. d4 Nf6 2. c4 e6 3. g3 Bb4+ 4. Bd2 Qe7 5. Nf3 Nc6 6. Bg2 Bxd2+ 7. Nbxd2 d6 8.
O-O a5 9. e4 O-O 10. e5 $5 {Some years ago this move was considered to be a
refutation of Black's move order (8...a5 and 9...0-0) but now it has been
realised that White's space advantage doesn't mean much since White has no
serious kingside attacking chances.} dxe5 11. dxe5 Nd7 12. Qe2 Rd8 13. Rad1 Nc5
14. Ne4 Bd7 15. Nc3 Be8 16. Qe3 h6 17. Rxd8 $6 Rxd8 18. Rd1 $6 {Michelakis
thinks he is heading straight for a draw but conceding the d file is only
playing into Black's hands.} Rxd1+ 19. Nxd1 Qd8 20. Nc3 b6 21. Nb5 $2 Nb4 $1
22. Qd4 $2 Qxd4 23. Nfxd4 Bxb5 24. Nxb5 Nxa2 25. Nxc7 Nb4 26. Na8 ({Rather
desperate, but} 26. Bf1 {also loses to} Nbd3 27. Bxd3 Nxd3 28. Na8 Nxb2 29.
Nxb6 a4 30. c5 a3 31. c6 Nc4 $3 32. Nxc4 a2 33. c7 a1=Q+ 34. Kg2 Qa8+ 35. Kg1
Qc8 {a neat echo of the game finish.}) 26... Nbd3 27. b3 Nxb3 28. Nxb6 Nbc5 29.
Bc6 Nb2 $1 30. Nd7 Nxd7 31. Bxd7 a4 32. c5 a3 33. c6 Nc4 $3 ({Michelakis was
hoping for} 33... a2 34. c7 a1=Q+ 35. Kg2 {, etc.}) 0-1